Lengua y literatura 9 /

Guardado en:
Autor Principal: Cochetti, Stella Maris
Otros Autores: Faggiani, Roberto, Kaufman, Guillermo, Kevorkian, Analía
Formato: Libro
Publicado: Buenos Aires : Puerto de Palos, 2001
Series:Activa
Materias:
Etiquetas: Agregar Etiqueta
Sin Etiquetas, Sea el primero en etiquetar este registro!
LEADER 01083nam a22002895a 4500
001 CEM.cems011246
005 20080228120154.0
008 130507s2001##################000#0#####d
003 CEMS
020 |a 9879273788 
082 0 4 |a Z468 
100 1 |a Cochetti, Stella Maris 
245 1 0 |a Lengua y literatura 9 /  |c Stella Maris Cochetti ... [et Al.] 
260 |a Buenos Aires :  |b Puerto de Palos,  |c 2001 
300 |a 255 p. 
490 0 |a Activa 
500 |a Para 9º año Egb 
505 0 |a Tipologías textuales -- El romance -- El artículo de opinión y el editorial -- El relato de ciencia ficción -- La novela -- El artículo de divulgación científica -- La poesía de vanguardia -- El teatro -- La publicidad y la propaganda 
653 |a Lengua 
653 |a Lengua-9º egb 
653 |a Novela 
653 |a Publicidad 
700 1 |a Faggiani, Roberto 
700 1 |a Kaufman, Guillermo 
700 1 |a Kevorkian, Analía 
859 |a CEMS  |b BIB. CEMS - 11 de abril  |h Z468  |i C64  |p 22145.03  |t Ej.1  |v 9º  |3 9º 
859 |a CEMS  |b BIB. CEMS - 11 de abril  |h Z468  |i C64  |p 22146.03  |t Ej.2  |v 9º  |3 9º